| 000 | 01477nam0a22002891 4500 | ||
|---|---|---|---|
| 001 | rc\4653841 | ||
| 005 | 20130416202556.2 | ||
| 021 |
_aRU _b[68-5881] |
||
| 035 | _a(NLR Aleph) 008692947 | ||
| 090 |
_a9250594 _c9250594 |
||
| 100 | _a20130416d1968 |||y0rusy50 ca | ||
| 101 | 0 | _arus | |
| 102 | _aRU | ||
| 105 | _aa z ||||| | ||
| 200 | 1 |
_aМагнитно-тиристорное устройство в качестве регулятора переменного напряжения _f[Объединение по руководству науч.-техн. информацией и пропагандой в РСФСР при Гос. ком. Совета Министров СССР по науке и технике. Гос. науч.-исслед. ин-т науч. и техн. информации]. "ГосИНТИ" |
|
| 210 |
_aМосква _cБ. и. _d1968 |
||
| 215 |
_a5 с. _cсхем. _d21 |
||
| 225 | 1 |
_aПередовой научно-технический и производственный опыт _v№ 9-68-23/2 |
|
| 300 | _aАвт. указан на 1-й с. | ||
| 606 |
_aРегуляторы напряжения, магнитные _2psbo |
||
| 606 |
_aВентили (электр.) полупроводниковые, управляемые _2psbo |
||
| 700 | 1 |
_aПалашов _bВ. В. _gВалентин Васильевич |
|
| 801 | 0 |
_aRU _bNLR _gpsbo |
|
| 801 | 1 |
_aRU _bELAR _2rusmarc |
|
| 852 |
_aNLR _jП11/2295 |
||
| 942 | _cBOOK | ||
| 980 | _aNB | ||